ՀՀ Գիտությունների ազգային ակադեմիայի հիմնարար գիտական գրադարան  =   Fundamental Scientific Library of NAS RA

Тяговые расчеты : (Record no. 525579)

MARC details
000 -LEADER
fixed length control field 01300nam a2200265 a 4500
003 - CONTROL NUMBER IDENTIFIER
control field AM-YeHGA
001 - CONTROL NUMBER
control field 1468237
005 - DATE AND TIME OF LATEST TRANSACTION
control field 20250617164519.0
008 - FIXED-LENGTH DATA ELEMENTS--GENERAL INFORMATION
fixed length control field 190228m19621963ru d|||fr||||u000|0|rus||
040 ## - CATALOGING SOURCE
Original cataloging agency AM-YeHGA
041 0# - LANGUAGE CODE
Language code of text/sound track or separate title rus
044 ## - COUNTRY OF PUBLISHING/PRODUCING ENTITY CODE
MARC country code ru
080 ## - UNIVERSAL DECIMAL CLASSIFICATION NUMBER
Universal Decimal Classification number 621.33
090 ## - LOCALLY ASSIGNED LC-TYPE CALL NUMBER (OCLC); LOCAL CALL NUMBER (RLIN)
-- 532807
100 1# - MAIN ENTRY--PERSONAL NAME
Personal name Орбелианц, Сергей Амирович
245 10 - TITLE STATEMENT
Title Тяговые расчеты :
Remainder of title Электрическая, тепловозная и паровозная тяга : Учебое пособие /
Statement of responsibility, etc. С. А. Орбелианц, Л. З. Прасов ; Ленинградский ордена Ленина, Институт инженеров железнодорожного транспорта имени академика В. Н. Образцова.
260 ## - PUBLICATION, DISTRIBUTION, ETC.
Place of publication, distribution, etc. Ленинград :
Name of publisher, distributor, etc. [б. и.],
Date of publication, distribution, etc. 1962-
-- 1963.
300 ## - PHYSICAL DESCRIPTION
Extent Часть :
Other physical details черт. ;
Dimensions 22 см.
505 10 - FORMATTED CONTENTS NOTE
Miscellaneous information Часть 1(1962 ; 80 с.)
505 10 - FORMATTED CONTENTS NOTE
Miscellaneous information Часть 2(1963 ; 70 с.)
650 14 - SUBJECT ADDED ENTRY--TOPICAL TERM
Topical term or geographic name entry element Тяга поездов.
700 1# - ADDED ENTRY--PERSONAL NAME
Personal name Прасов, Л. З.
710 2# - ADDED ENTRY--CORPORATE NAME
Corporate name or jurisdiction name as entry element Ленинградский ордена Ленина.
Subordinate unit Институт инженеров железнодорожного транспорта имени академика В. Н. Образцова.
942 ## - ADDED ENTRY ELEMENTS (KOHA)
Source of classification or shelving scheme Universal Decimal Classification
Koha item type Գրքեր / Books
Holdings
Withdrawn status Lost status Damaged status Not for loan Collection Home library Current library Date acquired Serial enumeration / chronology Total checkouts Full call number Barcode Date last seen Price effective from Koha item type Public note
        General Fundamental Scientific Library Fundamental Scientific Library 25/05/2022 Ч. 1   РII/73485 FL0676665 25/05/2022 25/05/2022 Գրքեր / Books 30 Days Loan


ՀՀ ԳԱԱ հիմնարար գիտական գրադարան
ՀՀ,Երևան 0019
Մարշալ Բաղրամյան 24/6
հեռախոս:(374-10) 52-47-50
Հետադարձ կապ

All site content, except where otherwise noted, is licensed under a
Creative Commons License